|
|
|
|
| LEADER |
00887nam a2200241 a 4500 |
| 001 |
718 |
| 003 |
BD-DhAAL |
| 008 |
090506s1981 bg a b 001 0 eng d |
| 999 |
|
|
|c 423
|d 423
|
| 040 |
|
|
|a BD-DhAAL
|
| 082 |
0 |
0 |
|a 621.38152
|2 22
|
| 100 |
1 |
|
|a Ahmed, Totayal.
|9 41979
|
| 245 |
1 |
0 |
|a Rural paediatrics in developing countries /
|c Totayal Ahmed & Razau Karim.
|
| 260 |
|
|
|a Dacca :
|b Palli Shishu Foundation,
|c 1981.
|
| 300 |
|
|
|a 179 pages :
|b illustrations ;
|c 19 cm.
|
| 504 |
|
|
|a Includes bibliographical References.
|
| 541 |
1 |
|
|e 718
|
| 650 |
|
0 |
|a paediatrics.
|9 41980
|
| 650 |
|
0 |
|a Electric current converters.
|9 41981
|
| 700 |
1 |
|
|a Karim, Razau.
|9 41982
|
| 852 |
|
|
|a Ayesha Abed Library
|c General Stacks
|
| 942 |
|
|
|2 ddc
|c BK
|
| 952 |
|
|
|0 0
|1 0
|2 ddc
|4 0
|6 621_381000000000000_52_AHM_1981
|7 0
|9 384
|a BRACUL
|b BRACUL
|c GEN
|d 2009-05-06
|g 50.00
|l 0
|o 621.38152 AHM
|p 3010000718
|r 2009-05-06
|t 1
|w 2009-05-06
|y BK
|